00341nam a22001217a 45000050016000000200023000160350013000390370013000521000023000652450066000882600041001543000024001952012050309109.0 a8186101101c450.00 aB-168349 aDPLbENG aSingh, Bijay Dhari aBibliography of Kautiliya Arthasastra /cby Bijay Dhari Singh aVaranasibKishor Vidya Niketanc2004 axii, 222p.c18 cms.